Geography for life : national geography standards 1994

Αποθηκεύτηκε σε:
Λεπτομέρειες βιβλιογραφικής εγγραφής
Συγγραφή απο Οργανισμό/Αρχή: Geography Education Standards Project
Μορφή: Βιβλίο
Γλώσσα:English
Δημοσίευση: Washington, D. C. : National Geography Research and Exploration, c1994
Θέματα:
Ετικέτες: Προσθήκη ετικέτας
Δεν υπάρχουν, Καταχωρήστε ετικέτα πρώτοι!

MARC

LEADER 00000cam a2200000 i 4500
001 1/101880
008 000216s1994 eng d
020 |a 0-7922-2775-1 
035 |l 10057863 
040 |a GR-MY-UA  |b gre  |e aacr 
041 0 |a eng 
082 0 |a 910.01 
110 2 |a Geography Education Standards Project. 
245 1 0 |a Geography for life :  |b national geography standards 1994 /  |c Geography Education Standardw Project 
260 |a Washington, D. C. :   |b National Geography Research and Exploration,   |c c1994 
300 |a 272 p.  |b ill., maps 
500 |a Developed on Behalf of the American Geographical Society, Association of American Geographers, National Council for Geogrephic Education, National Geographic Society 
504 |a Includes glossary and index 
650 0 0 |a Geography  |x Study and teaching  |x Standards. 
852 |a INST  |b LESVOS  |e 20000216  |h 910.01 GEO  |p 005100021787  |q 005100021787  |t BK  |y 0 
901 |a BIBL1-2000-1 
909 |a Λ  |b 067102 
970 |a ΑΙΒΑΤΖΙΔΟΥ  |b ΕΛΕΝΗ  |z 2000/02/16